000
00265nam a2200121Ia 4500
008
220613s9999||||xx |||||||||||||| ||und||
100
_a
J CORNE
245
0
_a
100 CHEST X RAY PROBLEMS
260
_b
CHURCHILL
300
_a
205
650
_a
Radiology
942
_c
MEDI
999
_c
8284
_d
8284